[Event "Memorial Nicola Palladino A"]
[Site "Milano ITA"]
[Date "2009.04.12"]
[Round "4"]
[White "Rossi, Giampiero"]
[Black "Bertazzoli, Giulio"]
[Result "1/2-1/2"]
[WhiteElo "1915"]
[BlackElo "1849"]
[PlyCount "115"]
[EventDate "2009.04.10"]

1. d4 Nf6 2. c4 g6 3. g3 Bg7 4. Bg2 d6 5. Nc3 O-O 6. Nf3 Nbd7 7. O-O e5 8. Qc2
Re8 9. Rd1 Qe7 10. b3 c6 11. e3 Nb6 12. Ba3 Qc7 13. dxe5 dxe5 14. Bd6 Qd8 15.
Bxe5 Qe7 16. Bd6 Bf5 17. Qxf5 gxf5 18. Bxe7 Rxe7 19. Rac1 Ne4 20. Nxe4 fxe4 21.
Nd4 Re5 22. Rc2 Rd8 23. Rcd2 f5 24. Ne2 Rxd2 25. Rxd2 Kf7 26. Nf4 Ke7 27. Bf1
Nd7 28. Be2 Nc5 29. b4 Ne6 30. Nxe6 Rxe6 31. c5 Bc3 32. Rc2 Bxb4 33. Rb2 a5 34.
a3 Bxc5 35. Rxb7+ Kd6 36. Rxh7 Bxa3 37. Ra7 Bb4 38. h4 Re7 39. Ra6 Kc5 40. Kg2
Bd2 41. h5 Re6 42. Kh3 Kb4 43. Kh4 Be1 44. Kg5 Bxf2 45. Kxf5 Rd6 46. Kxe4 Bxg3
47. Kf5 Rd2 48. Bf3 Kb5 49. Ra8 a4 50. h6 Rh2 51. Kg6 Be5 52. Bxc6+ Kxc6 53.
Rxa4 Kd6 54. Ra6+ Kd5 55. h7 Ke4 56. Re6 Rg2+ 57. Kh6 Rh2+ 58. Kg6 1/2-1/2

[Event "Memorial Nicola Palladino A"]
[Site "Milano ITA"]
[Date "2009.04.12"]
[Round "4"]
[White "Salmoiraghi, Angelo"]
[Black "Bove, Alessandro"]
[Result "0-1"]
[WhiteElo "2136"]
[BlackElo "2297"]
[PlyCount "64"]
[EventDate "2009.04.10"]

1. d4 Nf6 2. c4 c5 3. d5 e6 4. Nc3 exd5 5. cxd5 d6 6. e4 g6 7. Bd3 Bg7 8. Nge2
O-O 9. O-O a6 10. a4 Nbd7 11. f4 Rb8 12. Ng3 Qc7 13. Qb3 Ng4 14. Nd1 b5 15.
axb5 axb5 16. Be2 c4 17. Qf3 Nc5 18. h3 Bd4+ 19. Kh1 f5 20. hxg4 fxg4 21. Qa3
b4 22. Qa2 Qe7 23. Be3 Qh4+ 24. Kg1 Bxe3+ 25. Nxe3 Qxg3 26. Nxc4 Nxe4 27. Qa7
Qh4 28. Rfe1 Rxf4 29. Bxg4 Rb7 30. Be6+ Bxe6 31. Qa8+ Rf8 32. Qxb7 Ng3 0-1

[Event "Memorial Nicola Palladino A"]
[Site "Milano ITA"]
[Date "2009.04.12"]
[Round "4"]
[White "Vittadini, Attilio"]
[Black "Vocaturo, Riccardo"]
[Result "1-0"]
[WhiteElo "1865"]
[BlackElo "1581"]
[PlyCount "49"]
[EventDate "2009.04.10"]

1. e4 e6 2. d4 d5 3. Nd2 Nf6 4. e5 Nfd7 5. Bd3 c5 6. c3 Nc6 7. Ne2 a6 8. O-O b5
9. f4 Be7 10. Nf3 h6 11. Ng3 O-O 12. f5 cxd4 13. cxd4 Qb6 14. Kh1 exf5 15. Nxf5
Bd8 16. Be3 Nb4 17. Bb1 Nc6 18. Qd3 Re8 19. Nxh6+ Kf8 20. Qh7 gxh6 21. Qxh6+
Kg8 22. Bh7+ Kh8 23. Bg6+ Kg8 24. Qh7+ Kf8 25. Qxf7# 1-0

[Event "Memorial Nicola Palladino A"]
[Site "Milano ITA"]
[Date "2009.04.13"]
[Round "5"]
[White "Attuati, Stefano"]
[Black "Vittadini, Attilio"]
[Result "0-1"]
[WhiteElo "1772"]
[BlackElo "1865"]
[PlyCount "150"]
[EventDate "2009.04.10"]

1. e4 c5 2. Nf3 Nc6 3. d4 cxd4 4. Nxd4 g6 5. Be2 Bg7 6. Be3 Nf6 7. Nc3 O-O 8.
Nb3 d6 9. O-O Bd7 10. f4 Rc8 11. g4 a6 12. g5 Ne8 13. Bg4 f5 14. exf5 Bxf5 15.
Bxf5 Rxf5 16. Nd5 e6 17. Nc3 d5 18. Ne2 Qc7 19. Ned4 Rf7 20. Qg4 Nxd4 21. Nxd4
Bxd4 22. Bxd4 Ng7 23. Rae1 Nf5 24. Bf6 Qd7 25. c3 Rc4 26. Qf3 Rf8 27. Rf2 Rc6
28. Qg4 Re8 29. h4 Ng7 30. Rfe2 Qf7 31. Bd4 Nf5 32. Be5 Ng7 33. Rh2 Rb6 34. Rc2
Rc6 35. Rec1 Qf5 36. Qf3 Rc4 37. Bd4 e5 38. Qxd5+ Qe6 39. Qxe6+ Nxe6 40. b3
Nxd4 41. cxd4 Rxc2 42. Rxc2 exd4 43. Kf2 Re7 44. Re2 Rd7 45. Rd2 Kf7 46. Kf3
Ke6 47. Ke4 d3 48. Rxd3 Rxd3 49. Kxd3 Kf5 50. Ke3 Kg4 51. b4 Kxh4 52. Ke4 Kg4
53. Ke5 Kh5 54. f5 gxf5 55. Kxf5 b6 56. a4 b5 57. a5 Kh4 58. g6 hxg6+ 59. Kxg6
Kg4 60. Kf6 Kf4 61. Ke6 Ke4 62. Kd6 Kd4 63. Kc6 Kc4 64. Kb6 Kxb4 65. Kxa6 Kc5
66. Kb7 b4 67. a6 b3 68. a7 b2 69. a8=Q b1=Q+ 70. Kc7 Qh7+ 71. Kb8 Qg8+ 72. Kb7
Qf7+ 73. Ka6 Qe6+ 74. Kb7 Qd7+ 75. Kb8 Kb6 0-1

[Event "Memorial Nicola Palladino A"]
[Site "Milano ITA"]
[Date "2009.04.13"]
[Round "5"]
[White "Bertazzoli, Giulio"]
[Black "Coladangelo, Andrea"]
[Result "1/2-1/2"]
[WhiteElo "1849"]
[BlackElo "1895"]
[PlyCount "86"]
[EventDate "2009.04.10"]

1. d4 Nf6 2. c4 g6 3. Nc3 Bg7 4. e4 d6 5. Be2 O-O 6. Nf3 e5 7. O-O Nc6 8. d5
Ne7 9. b4 Nh5 10. Ne1 Nf4 11. Nd3 Nxe2+ 12. Qxe2 f5 13. f3 f4 14. c5 g5 15. a4
h5 16. Ba3 Rf7 17. b5 b6 18. cxb6 cxb6 19. Nb4 Ng6 20. Nc6 Qf6 21. Kf2 g4 22.
Ke1 Qh4+ 23. Kd2 Bf8 24. Rh1 Rg7 25. Rag1 Bd7 26. Nd1 Qf6 27. Nb2 Nh4 28. Nc4
Rg6 29. Bb4 Qg5 30. Kd3 Kh7 31. Be1 gxf3 32. gxf3 Ng2 33. h4 Nxe1+ 34. Qxe1 Qf6
35. Rxg6 Qxg6 36. Rg1 Qf6 37. Rg5 Bh6 38. Rg1 Be8 39. Qf2 Bg6 40. Qh2 Bf8 41.
Qh3 Qf7 42. Ke2 Re8 43. Kf2 Kh6 1/2-1/2

[Event "Memorial Nicola Palladino A"]
[Site "Milano ITA"]
[Date "2009.04.13"]
[Round "5"]
[White "Bove, Alessandro"]
[Black "Mina, N. Mina"]
[Result "1-0"]
[WhiteElo "2297"]
[BlackElo "2177"]
[PlyCount "67"]
[EventDate "2009.04.10"]

1. e4 c5 2. Nf3 d6 3. d4 cxd4 4. Nxd4 Nf6 5. Nc3 a6 6. Bg5 e6 7. f4 Be7 8. Qf3
Qc7 9. O-O-O Nbd7 10. g4 b5 11. Bxf6 Nxf6 12. g5 Nd7 13. f5 Nc5 14. f6 gxf6 15.
gxf6 Bf8 16. Re1 Bd7 17. Rg1 O-O-O 18. Rg7 Bxg7 19. fxg7 Rhg8 20. Qxf7 b4 21.
Nd5 exd5 22. exd5 b3 23. axb3 Qa5 24. Re7 Rge8 25. Nc6 Bxc6 26. dxc6 Nxb3+ 27.
Qxb3 Qa1+ 28. Kd2 Qa5+ 29. c3 Qg5+ 30. Kd1 Qg4+ 31. Be2 Qg1+ 32. Kc2 Qg6+ 33.
Bd3 Qg2+ 34. Kb1 1-0

[Event "Memorial Nicola Palladino A"]
[Site "Milano ITA"]
[Date "2009.04.13"]
[Round "5"]
[White "Bozzali, Ermanno"]
[Black "Aglietti, Graziano"]
[Result "1-0"]
[WhiteElo "2126"]
[BlackElo "2020"]
[PlyCount "63"]
[EventDate "2009.04.10"]

1. e4 e6 2. d4 d5 3. Nc3 Bb4 4. e5 c5 5. a3 Bxc3+ 6. bxc3 Qc7 7. Nf3 Nc6 8. Be2
f6 9. exf6 Nxf6 10. O-O O-O 11. Qd2 Ne4 12. Qe3 Ne7 13. Ng5 Nf5 14. Qh3 Nxg5
15. Bxg5 cxd4 16. cxd4 Nxd4 17. Bd3 g6 18. c3 e5 19. Qh4 Qxc3 20. Rac1 Qxd3 21.
Rc7 h5 22. Bh6 Nf5 23. Qg5 Nxh6 24. Qxh6 Rf7 25. Rxf7 Kxf7 26. Qh7+ Kf6 27.
Qh8+ Kg5 28. Qxe5+ Bf5 29. h4+ Kxh4 30. Qf4+ Bg4 31. g3+ Kh3 32. Qg5 1-0

[Event "Memorial Nicola Palladino A"]
[Site "Milano ITA"]
[Date "2009.04.13"]
[Round "5"]
[White "Cazzaniga, Walter"]
[Black "Gonella, Daniele"]
[Result "1/2-1/2"]
[WhiteElo "2192"]
[BlackElo "1764"]
[PlyCount "84"]
[EventDate "2009.04.10"]

1. d4 d5 2. c4 e6 3. Nc3 c6 4. Nf3 Nf6 5. Bg5 dxc4 6. e4 b5 7. e5 h6 8. Bh4 g5
9. Nxg5 hxg5 10. Bxg5 Nbd7 11. exf6 Bb7 12. g3 Nxf6 13. Bg2 Be7 14. Bxf6 Bxf6
15. Nxb5 cxb5 16. Bxb7 Rb8 17. Bc6+ Kf8 18. Qd2 Qxd4 19. O-O-O Qxd2+ 20. Rxd2
Rb6 21. Be4 Ke7 22. h4 Rd8 23. Rxd8 Kxd8 24. h5 e5 25. Kc2 Bg5 26. Rd1+ Ke7 27.
Rd5 f6 28. Kc3 a5 29. Bf5 Rb7 30. f3 Bh6 31. g4 Bf8 32. Be4 Rb6 33. g5 fxg5 34.
Rxe5+ Kf6 35. Rf5+ Kg7 36. Rxg5+ Kh6 37. Rd5 Bg7+ 38. Kc2 a4 39. Rc5 b4 40.
Rxc4 Kxh5 41. Rc5+ Kh6 42. b3 a3 1/2-1/2

[Event "Memorial Nicola Palladino A"]
[Site "Milano ITA"]
[Date "2009.04.13"]
[Round "5"]
[White "Cervini, Gian Piero"]
[Black "Falchi, Claudio"]
[Result "1-0"]
[WhiteElo "1792"]
[BlackElo "1467"]
[PlyCount "53"]
[EventDate "2009.04.10"]

1. e4 e6 2. d4 d5 3. Nc3 dxe4 4. Nxe4 Nd7 5. Nf3 Ngf6 6. Nxf6+ Nxf6 7. Bg5 Be7
8. Bd3 c5 9. dxc5 Qa5+ 10. Qd2 Qxc5 11. O-O O-O 12. Rae1 Rd8 13. Re5 Qc7 14.
Rfe1 b6 15. Bxf6 Bxf6 16. Rh5 g6 17. Qh6 Bg7 18. Qxh7+ Kf8 19. Rh3 Qe7 20. Ne5
Bxe5 21. Rxe5 Qc7 22. Qh8+ Ke7 23. Qh4+ Ke8 24. Qf6 Ba6 25. Rh8+ Kd7 26. Qxf7+
Kd6 27. Qxe6# 1-0

[Event "Memorial Nicola Palladino A"]
[Site "Milano ITA"]
[Date "2009.04.13"]
[Round "5"]
[White "Dogic, Mirhad"]
[Black "Palmieri, Giovanni"]
[Result "1-0"]
[WhiteElo "1709"]
[BlackElo "1737"]
[PlyCount "100"]
[EventDate "2009.04.10"]

1. f4 d5 2. Nf3 c5 3. e3 Nf6 4. d3 Nc6 5. Be2 h6 6. O-O Bf5 7. Ne5 e6 8. Bf3
Be7 9. Nd2 Qc7 10. e4 dxe4 11. dxe4 Nxe5 12. fxe5 Qxe5 13. exf5 Bd6 14. g3 Qd4+
15. Kg2 exf5 16. Nb3 Qxd1 17. Rxd1 Rd8 18. Re1+ Kf8 19. Bxb7 g5 20. Be3 c4 21.
Bd4 Kg7 22. Nd2 Bb4 23. c3 Rxd4 24. cxd4 Bxd2 25. Red1 c3 26. bxc3 Bxc3 27.
Rac1 Ba5 28. Rc5 Bb6 29. Rxf5 Rd8 30. h3 Rxd4 31. Rxd4 Bxd4 32. g4 Kg6 33. Kf3
Kg7 34. Ke2 Kg6 35. Kd3 Bb6 36. Be4 Kg7 37. a4 Nd7 38. Kc4 f6 39. Rd5 Ne5+ 40.
Kb5 Kf7 41. a5 Be3 42. Bf5 Ke7 43. Ka6 Bf2 44. Rb5 Kd6 45. Rb7 Nf3 46. Rh7 Ng1
47. Rxh6 Bd4 48. Rh7 Ne2 49. Kb7 Kc5 50. a6 Kb5 1-0

[Event "Memorial Nicola Palladino A"]
[Site "Milano ITA"]
[Date "2009.04.13"]
[Round "5"]
[White "Giacometto, Mario"]
[Black "Colombani, Camillo"]
[Result "1-0"]
[WhiteElo "1974"]
[BlackElo "1631"]
[PlyCount "69"]
[EventDate "2009.04.10"]

1. e4 e5 2. Qh5 Nc6 3. Bc4 Qf6 4. Nf3 g6 5. Qg5 Bh6 6. Qxf6 Nxf6 7. Nc3 O-O 8.
O-O d6 9. Re1 Nd4 10. Nxd4 exd4 11. Nb5 c6 12. Nxd6 b5 13. Bb3 a5 14. a4 b4 15.
d3 Bxc1 16. Raxc1 c5 17. h3 Nh5 18. Kh2 Ra6 19. e5 Bd7 20. Bc4 Rb6 21. b3 Be6
22. g3 Bxc4 23. Nxc4 Ra6 24. Kg2 f5 25. f4 Ng7 26. e6 Nxe6 27. Nxa5 h6 28. Nc4
g5 29. fxg5 hxg5 30. Re5 f4 31. Rce1 Rf6 32. Nd2 Kh7 33. Ne4 f3+ 34. Kf2 Rh6
35. Rxe6 1-0

[Event "Memorial Nicola Palladino A"]
[Site "Milano ITA"]
[Date "2009.04.13"]
[Round "5"]
[White "Gongalov, Bojan"]
[Black "Astengo, Corrado"]
[Result "1-0"]
[WhiteElo "2137"]
[BlackElo "2208"]
[PlyCount "55"]
[EventDate "2009.04.10"]

1. d4 d5 2. c4 c6 3. Nf3 Nf6 4. g3 Bf5 5. Nc3 e6 6. Bg2 Nbd7 7. O-O Bd6 8. Bg5
h6 9. Bxf6 Nxf6 10. Ne5 O-O 11. Rc1 Ng4 12. e4 Nxe5 13. dxe5 Bxe5 14. exf5 d4
15. Qe2 Bf6 16. Ne4 exf5 17. Nxf6+ Qxf6 18. c5 Rfe8 19. Qd3 Rad8 20. Rc4 Qe5
21. Bf3 f4 22. Rd1 fxg3 23. hxg3 Qf6 24. Kg2 Re5 25. Rxd4 Rde8 26. Rf4 Qe6 27.
Qc4 Qe7 28. Rd6 1-0

[Event "Memorial Nicola Palladino A"]
[Site "Milano ITA"]
[Date "2009.04.13"]
[Round "5"]
[White "Lavric, Mihail"]
[Black "Mouflih, Caesar Faycal"]
[Result "1-0"]
[WhiteElo "1984"]
[BlackElo "1600"]
[PlyCount "97"]
[EventDate "2009.04.10"]

1. d4 d5 2. c4 c6 3. Nf3 Nf6 4. e3 e6 5. Nc3 Nbd7 6. Bd3 dxc4 7. Bxc4 b5 8. Bd3
a6 9. O-O c5 10. b3 Bb7 11. Bb2 Be7 12. Rc1 O-O 13. Qe2 Rc8 14. Rfd1 Bxf3 15.
Qxf3 cxd4 16. exd4 Nb6 17. Qb7 Ra8 18. Qf3 Nbd5 19. Nxd5 Nxd5 20. Be4 Rc8 21.
Rxc8 Qxc8 22. Rc1 Qd7 23. Bxd5 exd5 24. Qc3 Bg5 25. Qc6 Qe7 26. Rf1 Qe6 27.
Qxe6 fxe6 28. Ba3 Rf4 29. Bc5 Re4 30. a4 bxa4 31. bxa4 Bf6 32. Rd1 Re2 33. a5
Bd8 34. Kf1 Ra2 35. Rb1 Bxa5 36. Rb8+ Kf7 37. Rb7+ Kf6 38. Bd6 Bd2 39. Be5+ Kf5
40. f3 h5 41. Rxg7 Bg5 42. g3 a5 43. h3 Ra1+ 44. Ke2 Ra2+ 45. Kd1 Ra1+ 46. Kc2
Ra2+ 47. Kb1 Rg2 48. g4+ Rxg4 49. fxg4+ 1-0

[Event "Memorial Nicola Palladino A"]
[Site "Milano ITA"]
[Date "2009.04.13"]
[Round "5"]
[White "Magistroni, Imerio"]
[Black "Colombo, Abner"]
[Result "1-0"]
[WhiteElo "1649"]
[BlackElo "1260"]
[PlyCount "43"]
[EventDate "2009.04.10"]

1. d4 d5 2. c4 dxc4 3. e4 e5 4. Nf3 Bg4 5. Bxc4 Bxf3 6. Qxf3 Qe7 7. O-O Nc6 8.
d5 Nd4 9. Qc3 b5 10. Bd3 b4 11. Qd2 a5 12. Qd1 a4 13. Be3 Rb8 14. Bxd4 exd4 15.
Qxa4+ Kd8 16. Nd2 Qh4 17. Nf3 Qf4 18. Rac1 Bd6 19. Qd1 Nf6 20. g3 Qh6 21. e5
Bxe5 22. Nxe5 1-0

[Event "Memorial Nicola Palladino A"]
[Site "Milano ITA"]
[Date "2009.04.13"]
[Round "5"]
[White "Margstahler, Francesco"]
[Black "Guzzetti, Luigi Enrico"]
[Result "1-0"]
[WhiteElo "1791"]
[BlackElo "1891"]
[PlyCount "93"]
[EventDate "2009.04.10"]

1. e4 c5 2. c3 e6 3. d4 d5 4. exd5 Qxd5 5. Nf3 Nc6 6. Na3 a6 7. Nc4 Qe4+ 8. Be2
b5 9. Nce5 Nxe5 10. dxe5 Bb7 11. Bg5 Ne7 12. Qd3 Qxd3 13. Bxd3 Bxf3 14. gxf3
Nd5 15. Be4 Be7 16. Bd2 O-O-O 17. Rg1 g6 18. a4 b4 19. cxb4 cxb4 20. Rc1+ Kb7
21. Ke2 Rc8 22. Rgd1 Rxc1 23. Rxc1 Rc8 24. Bxd5+ exd5 25. Rxc8 Kxc8 26. Kd3 Kc7
27. Be3 Kc6 28. Bd2 Bc5 29. Be1 Kd7 30. Bd2 Ke6 31. f4 Bxf2 32. Bxb4 Bg1 33. h3
Kf5 34. Bd2 Bh2 35. b4 Bxf4 36. Bxf4 Kxf4 37. Kd4 g5 38. b5 axb5 39. axb5 h5
40. b6 g4 41. hxg4 hxg4 42. b7 g3 43. b8=Q Kf3 44. Qf8 g2 45. Qxf7+ Ke2 46. Qg6
Kf2 47. Qxg2+ 1-0

[Event "Memorial Nicola Palladino A"]
[Site "Milano ITA"]
[Date "2009.04.13"]
[Round "5"]
[White "Messina, Marco"]
[Black "Salmoiraghi, Angelo"]
[Result "0-1"]
[WhiteElo "2063"]
[BlackElo "2136"]
[PlyCount "108"]
[EventDate "2009.04.10"]

1. e4 c5 2. f4 d5 3. exd5 Nf6 4. Nc3 Nxd5 5. Bc4 Nxc3 6. bxc3 Nc6 7. Nf3 e6 8.
O-O Be7 9. d4 O-O 10. Be3 Na5 11. Be2 Qc7 12. Kh1 b6 13. Qe1 Bb7 14. Nh4 Qd8
15. Bf2 Be4 16. Bf3 Bxf3 17. Nxf3 c4 18. Rb1 Qd5 19. Bh4 Bxh4 20. Nxh4 g6 21.
Nf3 Qf5 22. Qh4 Kg7 23. Rf2 Qf6 24. Qg3 Rfd8 25. Ne5 Rac8 26. Qf3 Rd5 27. Rbf1
Nb7 28. g4 Nd6 29. f5 gxf5 30. gxf5 Kh8 31. Qh5 exf5 32. Rxf5 Nxf5 33. Rxf5
Rxe5 34. dxe5 Qg6 35. Qf3 Rg8 36. Qf2 Qg4 37. Rxf7 Qe4+ 38. Qf3 Qxe5 39. Qf6+
Qxf6 40. Rxf6 Rd8 41. Rf2 Rd1+ 42. Kg2 Ra1 43. Rf4 b5 44. Rf2 Rxa2 45. Kf3 Ra3
46. Ke4 Rxc3 47. Kd4 b4 48. Kc5 b3 49. cxb3 cxb3+ 50. Kb4 Rc2 51. Rf1 b2 52.
Rb1 Rxh2 53. Ka3 Rh6 54. Rf1 Rb6 0-1

[Event "Memorial Nicola Palladino A"]
[Site "Milano ITA"]
[Date "2009.04.13"]
[Round "5"]
[White "Rossi, Giampiero"]
[Black "Barberi, Alessandro"]
[Result "0-1"]
[WhiteElo "1915"]
[BlackElo "2120"]
[PlyCount "70"]
[EventDate "2009.04.10"]

1. d4 g6 2. c3 Bg7 3. Nf3 d5 4. e3 Nf6 5. Nbd2 b6 6. Be2 O-O 7. O-O c5 8. b3
Bb7 9. Bb2 Nbd7 10. Rc1 Ne4 11. Qc2 Rc8 12. Qb1 f5 13. Rfd1 e5 14. dxe5 Nxe5
15. Nxe5 Bxe5 16. f4 Nxd2 17. Rxd2 Bg7 18. Rcd1 Qe7 19. Qd3 c4 20. bxc4 dxc4
21. Qd6 Qxe3+ 22. Kf1 Bh6 23. g3 Qe4 24. Qd4 Qh1+ 25. Qg1 Qc6 26. Ba3 Rfe8 27.
Rd4 b5 28. Bb4 a5 29. Bxa5 Ra8 30. Bb4 Rxa2 31. R4d2 Rxd2 32. Rxd2 Bf8 33. Bxf8
Kxf8 34. Qf2 Kg8 35. Bd1 Qh1+ 0-1

[Event "Memorial Nicola Palladino A"]
[Site "Milano ITA"]
[Date "2009.04.13"]
[Round "5"]
[White "Virzi, Ettore"]
[Black "Bemporad, Filippo"]
[Result "1/2-1/2"]
[WhiteElo "1986"]
[BlackElo "2100"]
[PlyCount "41"]
[EventDate "2009.04.10"]

1. e4 c5 2. Nf3 d6 3. d4 cxd4 4. Nxd4 Nf6 5. Nc3 a6 6. Bg5 e6 7. f4 Nc6 8. e5
dxe5 9. Nxc6 Qxd1+ 10. Rxd1 bxc6 11. fxe5 Nd5 12. Ne4 h6 13. Bh4 g5 14. Bf2 Be7
15. Bc5 Bxc5 16. Nxc5 Ke7 17. c3 a5 18. Rd2 Nb6 19. Be2 Nd7 20. Nxd7 Bxd7 21.
Kf2 1/2-1/2

[Event "Memorial Nicola Palladino A"]
[Site "Milano ITA"]
[Date "2009.04.13"]
[Round "5"]
[White "Vocaturo, Riccardo"]
[Black "Fantina, Carla"]
[Result "1-0"]
[WhiteElo "1581"]
[BlackElo "1798"]
[PlyCount "43"]
[EventDate "2009.04.10"]

1. e4 d6 2. d4 Nf6 3. Nc3 g6 4. Nf3 Bg7 5. Be2 O-O 6. O-O c6 7. Be3 h6 8. h3
Nbd7 9. Qd2 Kh7 10. g4 e5 11. g5 hxg5 12. Nxg5+ Kg8 13. Nf3 exd4 14. Nxd4 Nc5
15. f3 Bxh3 16. Rf2 Qc8 17. Bh6 Re8 18. Rh2 d5 19. Bxg7 Kxg7 20. Nf5+ Bxf5 21.
Qh6+ Kg8 22. Qh8# 1-0

[Event "Memorial Nicola Palladino A"]
[Site "Milano ITA"]
[Date "2009.04.13"]
[Round "6"]
[White "Aglietti, Graziano"]
[Black "Bertazzoli, Giulio"]
[Result "1-0"]
[WhiteElo "2020"]
[BlackElo "1849"]
[PlyCount "121"]
[EventDate "2009.04.10"]

1. e4 c6 2. d4 d5 3. Nc3 dxe4 4. Nxe4 Nf6 5. Nxf6+ exf6 6. Nf3 Bd6 7. Qe2+ Qe7
8. Bd2 Qxe2+ 9. Bxe2 Bf5 10. O-O-O Nd7 11. Rhe1 O-O-O 12. Bc4 Bg6 13. Nh4 Rhe8
14. h3 Nb6 15. Bb3 Nd5 16. g3 f5 17. Nxg6 fxg6 18. Bxd5 cxd5 19. Bg5 Rxe1 20.
Rxe1 Rd7 21. Re8+ Kc7 22. Bf4 Bxf4+ 23. gxf4 h6 24. h4 Kd6 25. Re5 Rf7 26. a4
g5 27. fxg5 hxg5 28. hxg5 f4 29. Kd2 g6 30. Re8 Rf5 31. Ke2 Rxg5 32. Rf8 Ke6
33. Rxf4 Rg1 34. Rf3 Rg4 35. Kd3 Rg1 36. Rg3 Rb1 37. Rxg6+ Kf7 38. Rd6 Rxb2 39.
Rxd5 Rb4 40. a5 Ke6 41. Re5+ Kd6 42. f4 Ra4 43. f5 Ra1 44. c4 Rd1+ 45. Ke3 Rf1
46. Re6+ Kd7 47. Ke4 Rh1 48. Re5 Rf1 49. Rb5 Kc7 50. Ke5 b6 51. axb6+ axb6 52.
c5 bxc5 53. Rxc5+ Kd7 54. f6 Rf2 55. Ra5 Rf1 56. Ra8 Re1+ 57. Kd5 Rf1 58. f7
Rf5+ 59. Ke4 Rh5 60. f8=Q Rh4+ 61. Kd3 1-0

[Event "Memorial Nicola Palladino A"]
[Site "Milano ITA"]
[Date "2009.04.13"]
[Round "6"]
[White "Astengo, Corrado"]
[Black "Margstahler, Francesco"]
[Result "1-0"]
[WhiteElo "2208"]
[BlackElo "1791"]
[PlyCount "69"]
[EventDate "2009.04.10"]

1. e4 c6 2. d4 d5 3. Nd2 dxe4 4. Nxe4 Bf5 5. Ng3 Bg6 6. h4 h6 7. Nf3 Nd7 8. h5
Bh7 9. Bd3 Bxd3 10. Qxd3 e6 11. Bf4 Qa5+ 12. Bd2 Bb4 13. c3 Be7 14. c4 Qc7 15.
O-O-O Ngf6 16. Qe2 O-O 17. Kb1 Rfe8 18. Ne5 c5 19. Be3 cxd4 20. Bxd4 Rad8 21.
Rhe1 Bc5 22. Bc3 Bd6 23. Ng4 Nxg4 24. Qxg4 Bf8 25. Ne4 Kh7 26. Nd6 Re7 27. Qe4+
Kh8 28. Qxb7 Qxb7 29. Nxb7 Rb8 30. Na5 Rb6 31. a3 Nf6 32. Rd8 Re8 33. Bxf6 Rxd8
34. Bxd8 Bc5 35. Bxb6 1-0

[Event "Memorial Nicola Palladino A"]
[Site "Milano ITA"]
[Date "2009.04.13"]
[Round "6"]
[White "Barberi, Alessandro"]
[Black "Virzi, Ettore"]
[Result "1/2-1/2"]
[WhiteElo "2120"]
[BlackElo "1986"]
[PlyCount "72"]
[EventDate "2009.04.10"]

1. d4 Nf6 2. Nf3 g6 3. g3 Bg7 4. Bg2 O-O 5. c4 d6 6. Nc3 Nc6 7. e4 Bg4 8. Be3
e5 9. d5 Nd4 10. h3 Bxf3 11. Bxf3 c5 12. dxc6 bxc6 13. Bg2 Nd7 14. O-O Qe7 15.
g4 Rab8 16. Qd2 Nb6 17. b3 Ne6 18. Rad1 Rfd8 19. Ne2 Rd7 20. Kh1 Rbd8 21. Qa5
Rb8 22. Rd3 c5 23. Rfd1 Nd4 24. Qd2 Rdb7 25. Rc1 Qe8 26. Ng3 Qe7 27. Bg5 f6 28.
Be3 Qf8 29. f4 Rf7 30. f5 g5 31. b4 Qc8 32. b5 a6 33. a4 Nxa4 34. Ra3 axb5 35.
cxb5 Nb6 36. Bxd4 exd4 1/2-1/2

[Event "Memorial Nicola Palladino A"]
[Site "Milano ITA"]
[Date "2009.04.13"]
[Round "6"]
[White "Bemporad, Filippo"]
[Black "Giacometto, Mario"]
[Result "1-0"]
[WhiteElo "2100"]
[BlackElo "1974"]
[PlyCount "129"]
[EventDate "2009.04.10"]

1. d4 Nf6 2. Nf3 g6 3. c4 Bg7 4. Nc3 O-O 5. e4 d6 6. Be2 e5 7. O-O Nc6 8. d5
Ne7 9. Ne1 Ne8 10. Nd3 f5 11. Bd2 f4 12. g4 Bf6 13. f3 h5 14. h3 Bh4 15. Kg2
Kg7 16. Be1 Bxe1 17. Qxe1 g5 18. Rh1 Ng6 19. Qd1 Nf6 20. c5 Rh8 21. Rc1 a6 22.
Qc2 Nh4+ 23. Kf2 hxg4 24. hxg4 Bd7 25. Rcg1 Bb5 26. Nxb5 axb5 27. a3 Qe7 28.
Rc1 c6 29. cxd6 Qxd6 30. Nb4 Rac8 31. Qc5 Qxc5+ 32. Rxc5 Nd7 33. Rc2 c5 34.
Rhc1 c4 35. b3 Nc5 36. bxc4 Nb3 37. Rb1 Nd4 38. Rcb2 bxc4 39. Nc2 Nb3 40. a4
Rc5 41. Na3 Na5 42. Rc2 Rhc8 43. Rc3 Kf8 44. Rb6 R8c7 45. Nb5 Rh7 46. Rf6+ Kg7
47. Rd6 Kf8 48. Na3 Rhc7 49. Re6 Re7 50. Rxe7 Kxe7 51. Bxc4 Kd6 52. Nb5+ Kd7
53. Be2 Rxc3 54. Nxc3 Kd6 55. Nb5+ Kc5 56. Nc7 Kb4 57. Bb5 b6 58. Ne6 Nb7 59.
Nxg5 Nd6 60. Bc6 b5 61. axb5 Nxb5 62. Nf7 Ng6 63. d6 Nxd6 64. Nxd6 Kc5 65. Be8
1-0

[Event "Memorial Nicola Palladino A"]
[Site "Milano ITA"]
[Date "2009.04.13"]
[Round "6"]
[White "Carbone, Lorenzo"]
[Black "Cervini, Gian Piero"]
[Result "1/2-1/2"]
[WhiteElo "1833"]
[BlackElo "1792"]
[PlyCount "67"]
[EventDate "2009.04.10"]

1. e4 g6 2. d4 Bg7 3. Be3 d6 4. c3 Nf6 5. Bd3 O-O 6. Nf3 Nc6 7. Na3 e5 8. d5
Ne7 9. O-O Ng4 10. Bd2 f5 11. Qc2 fxe4 12. Bxe4 Nf6 13. c4 Bg4 14. Ng5 Qd7 15.
h3 Nxe4 16. Qxe4 Bf5 17. Qh4 h6 18. Ne6 Bxe6 19. dxe6 Qxe6 20. Nb5 Qd7 21. Bxh6
Nf5 22. Qe4 Bxh6 23. Qxb7 Rfc8 24. Rad1 a6 25. Nc3 Nd4 26. Qe4 Qf5 27. Qd5+ Qe6
28. Qe4 Rab8 29. Rxd4 Rxb2 30. Rd3 Rf8 31. Rg3 Kg7 32. Nd5 Rf7 33. a3 a5 34.
Nc3 1/2-1/2

[Event "Memorial Nicola Palladino A"]
[Site "Milano ITA"]
[Date "2009.04.13"]
[Round "6"]
[White "Coladangelo, Andrea"]
[Black "Messina, Marco"]
[Result "0-1"]
[WhiteElo "1895"]
[BlackElo "2063"]
[PlyCount "74"]
[EventDate "2009.04.10"]

1. e4 d5 2. exd5 Nf6 3. d4 Nxd5 4. c4 Nb6 5. Be2 e5 6. d5 c6 7. Nc3 Bb4 8. Qb3
Bxc3+ 9. Qxc3 O-O 10. dxc6 Nxc6 11. Be3 Bf5 12. Nf3 Qe7 13. Bxb6 axb6 14. O-O
Rfd8 15. Rfd1 Nd4 16. Nxd4 exd4 17. Qd2 Ra5 18. f4 d3 19. b4 Raa8 20. Bf3 Qd7
21. Bd5 b5 22. Rdc1 Rac8 23. Bf3 bxc4 24. Rc3 Re8 25. Kf1 Qd6 26. a3 Be4 27.
Rac1 Bxf3 28. gxf3 Qd5 29. Re1 Qxf3+ 30. Kg1 Rxe1+ 31. Qxe1 Qxf4 32. Qf2 Qg4+
33. Kf1 Re8 34. Rc1 Qh3+ 35. Kg1 Re4 36. Re1 Qg4+ 37. Kf1 h6 0-1

[Event "Memorial Nicola Palladino A"]
[Site "Milano ITA"]
[Date "2009.04.13"]
[Round "6"]
[White "Colombani, Camillo"]
[Black "Attuati, Stefano"]
[Result "0-1"]
[WhiteElo "1631"]
[BlackElo "1772"]
[PlyCount "68"]
[EventDate "2009.04.10"]

1. e4 e5 2. Nf3 Nc6 3. Bb5 a6 4. Ba4 Nf6 5. Nc3 d6 6. h3 Be7 7. d4 b5 8. Bb3
exd4 9. Nxd4 Nxd4 10. Qxd4 c5 11. Bxf7+ Kxf7 12. Qd2 b4 13. Nd5 Nxe4 14. Qf4+
Nf6 15. Qg5 Nxd5 16. Qxd5+ Be6 17. Qf3+ Bf6 18. O-O Rf8 19. g4 Kg8 20. Re1 Bd4
21. Bf4 Be5 22. Re4 g5 23. Rd1 Rxf4 24. Rxf4 Bxf4 25. h4 Ra7 26. h5 Rf7 27. Kg2
Qc8 28. Qd3 Bxg4 29. Rh1 Qb7+ 30. f3 Be5 31. Rf1 Bxh5 32. Qe3 Bxf3+ 33. Kh3 g4+
34. Kh4 Qe7+ 0-1

[Event "Memorial Nicola Palladino A"]
[Site "Milano ITA"]
[Date "2009.04.13"]
[Round "6"]
[White "Dogic, Mirhad"]
[Black "Cazzaniga, Walter"]
[Result "0-1"]
[WhiteElo "1709"]
[BlackElo "2192"]
[PlyCount "64"]
[EventDate "2009.04.10"]

1. f4 d5 2. e3 Nf6 3. d3 g6 4. Nf3 Bg7 5. Be2 c5 6. O-O Nc6 7. Nbd2 O-O 8. Ng5
e5 9. fxe5 Nxe5 10. e4 dxe4 11. Ndxe4 Nxe4 12. dxe4 Qe7 13. c3 Bd7 14. Qc2 Bc6
15. Nh3 Rad8 16. Bg5 f6 17. Bh4 Bh6 18. Bg3 Rd2 19. Qb3+ Kg7 20. Rae1 Bxe4 21.
Bxe5 fxe5 22. Rxf8 Kxf8 23. Rf1+ Kg7 24. Bf3 Bxf3 25. Rxf3 e4 26. Rf1 e3 27. c4
Qe4 28. Qc3+ Kg8 29. Nf2 exf2+ 30. Kh1 Qe1 31. Qc1 Qxc1 32. Rxc1 Re2 0-1